|
|
|
|
| LEADER |
01023naa a2200217 i 4500 |
| 001 |
acta68388 |
| 005 |
20260224081030.0 |
| 008 |
200806s2009 hu o 100 hun d |
| 020 |
|
|
|a 978-963-9573-55-0
|
| 040 |
|
|
|a SZTE Egyetemi Kiadványok Repozitórium
|b hun
|
| 041 |
|
|
|a hun
|
| 100 |
1 |
|
|a Csákó Mihály
|
| 245 |
1 |
0 |
|a Intolerancia és demokrácia a magyar középiskolások politikai szocializációjában
|h [elektronikus dokumentum] /
|c Csákó Mihály
|
| 260 |
|
|
|c 2009
|
| 300 |
|
|
|a 140
|
| 490 |
0 |
|
|a Tudásjavak áramlása a közép-kelet-európai régióban a rendszerváltást követően : a Magyar Szociológiai Társaság éves konferenciája
|
| 650 |
|
4 |
|a Társadalomtudományok
|
| 650 |
|
4 |
|a Szociológia
|
| 695 |
|
|
|a Szocializáció - politikai - Magyarország - fiatalok - előadáskivonat
|
| 710 |
|
|
|a Tudásjavak áramlása a közép-kelet-európai régióban a rendszerváltást követően (2008) (Veszprém)
|
| 856 |
4 |
0 |
|u http://acta.bibl.u-szeged.hu/68388/1/2009_tudasjavak_aramlasa_140.pdf
|z Dokumentum-elérés
|